Research design and method A Process approach (Record no. 490568)

000 -LEADER
fixed length control field 00427nam a22001577a 4500
020 ## - INTERNATIONAL STANDARD BOOK NUMBER
International Standard Book Number 9781259002472
082 ## - DEWEY DECIMAL CLASSIFICATION NUMBER
Classification number 150.72 BOR
100 ## - MAIN ENTRY--PERSONAL NAME
Personal name Bordens, Kenneth S
245 ## - TITLE STATEMENT
Title Research design and method A Process approach
250 ## - EDITION STATEMENT
Edition statement 8th
260 ## - PUBLICATION, DISTRIBUTION, ETC.
Place of publication, distribution, etc. New Delhi India
Name of publisher, distributor, etc. Mc Graw Hill
Date of publication, distribution, etc. 2011
300 ## - PHYSICAL DESCRIPTION
Extent 544 A-16 G-11 R-14 I-3 S-13
Other physical details P.B
650 ## - SUBJECT ADDED ENTRY--TOPICAL TERM
Topical term or geographic name entry element Research methods
700 ## - ADDED ENTRY--PERSONAL NAME
Personal name Kenneth S. Bordens
942 ## - ADDED ENTRY ELEMENTS (KOHA)
Koha item type Book
Holdings
Withdrawn status Lost status Damaged status Not for loan Collection code Permanent Location Current Location Shelving location Date acquired Source of acquisition Cost, normal purchase price Total Checkouts Total Renewals Full call number Barcode Date last seen Date last checked out Price effective from Koha item type
          Central Library (CL) Central Library (CL) General Stacks 12/22/2016 Allied book company 1293.34 2 3 150.72 BOR SEECS013625 11/13/2025 10/21/2024 12/22/2016 Book
© 2023 Central Library, National University of Sciences and Technology. All Rights Reserved.